000 00879nam a2200253Ia 4500
003 GCL
008 140319s9999 xx 000 0 ara d
040 _aGCL /
_cGCL
082 0 4 _a530
_bم ف
100 1 _aمحمد على احمد عيسى
245 1 0 _aالفيزياء العامة فى الكهرباء والمغناطيسية - الضوء - الفيزياء الحديثة /
_cمحمد على احمد عيسى
700 1 _aعبدالله بن راشد محمد سماوى
700 1 _aمحمد بن صالح العبدالله القرعاو
300 _a529 ص
490 _a
650 0 4 _aانعكاس الضوء
650 0 4 _aانكسار الضوء
650 0 4 _aالكهرباء
650 0 4 _aالفيزياء
650 0 4 _aالمغناطيسية
650 0 4 _aالميكانيكا
650 0 4 _aالفيزياء الضوئية
942 _2ddc
_cBK
999 _c41502
_d41502